000 00492nam a2200217Ia 4500
008 210210b2007 xxu||||| |||| 00| 0 eng d
020 _a9780143103561
041 _aeng
082 _a824.008 PENN
100 _aPENGUIN
245 _aNon-fiction collection Vol 2
260 _aNew Delhi
_bPenguin Books
_c2007
300 _axii,487
440 _a2
650 _aVol
650 _aNon-fiction
650 _acollection
650 _a2
690 _aEnglish Prose
906 _a062806
999 _c129869
_d129869